[Event "EU-chT U12 Girls"]
[Site "Rhodes"]
[Date "2024.06.21"]
[Round "1"]
[White "Paunescu, Aida"]
[Black "Wang, Luomeng"]
[Result "0-1"]
[WhiteElo "1613"]
[BlackElo "1831"]
[PlyCount "130"]
[EventDate "2024.06.21"]
[EventType "team-swiss"]
[EventRounds "7"]
[EventCountry "GRE"]
[SourceTitle "CBM 221 Extra"]
[Source "ChessBase"]
[SourceDate "2024.09.30"]
[SourceVersion "1"]
[SourceVersionDate "2024.09.30"]
[SourceQuality "1"]
[WhiteTeam "Cyprus U12 Girls"]
[BlackTeam "Hungary 12 Girls"]
[WhiteTeamCountry "CYP"]
[BlackTeamCountry "HUN"]

1. e4 c6 2. d4 d5 3. Nc3 dxe4 4. Nxe4 Nf6 5. Ng3 Bg4 6. Be2 Bxe2 7. N1xe2 e6 8. 0-0 Be7 9. Bf4 0-0 10. Nc3 Nbd7 11. Re1 Nd5 12. Nxd5 cxd5 13. Qg4 Nf6 14. Qe2 Qb6 15. c3 Rac8 16. h3 Qc6 17. Nf1 Bd6 18. Bxd6 Qxd6 19. Nd2 Rc7 20. Rac1 h6 21. Rc2 Rfc8 22. Rec1 Qd7 23. Nf3 Qa4 24. b3 Qa5 25. c4 Qa6 26. c5 Qxe2 27. Rxe2 Ne4 28. Nd2 Nxd2 29. Rxd2 Kf8 30. Kf1 Ke7 31. Ke2 Kf6 32. f4 g5 33. g3 gxf4 34. gxf4 Kf5 35. Ke3 Rg8 36. Rf2 Rcc8 37. Rcc2 Rg3+ 38. Rf3 Rxf3+ 39. Kxf3 Rc6 40. a4 a5 41. Rb2 b6 42. Rc2 bxc5 43. Rxc5 Rb6 44. Rb5 Ra6 45. Rc5 Kf6 46. Rb5 Rc6 47. Rc5 Rxc5 48. dxc5 Ke7 49. Ke3 Kd7 50. h4 Kc6 51. Kd4 h5 52. b4 axb4 53. a5 Kb5 54. f5 b3 55. fxe6 fxe6 56. Kc3 Kxa5 57. Kxb3 Kb5 58. c6 Kxc6 59. Kb4 e5 60. Kc3 Kc5 61. Kd3 e4+ 62. Kc3 d4+ 63. Kd2 e3+ 64. Ke2 Kd5 65. Kd3 Ke5 0-1

[Event "HUN-ch U14 Girls"]
[Site "Szolnok"]
[Date "2024.04.01"]
[Round "1"]
[White "Csiszar, Vivien"]
[Black "Wang, Luomeng"]
[Result "0-1"]
[WhiteElo "1575"]
[BlackElo "1797"]
[PlyCount "70"]
[EventDate "2024.04.01"]
[EventType "swiss"]
[EventRounds "9"]
[EventCountry "HUN"]
[SourceTitle "EXT 2025"]
[Source "ChessBase"]
[SourceDate "2024.10.14"]
[SourceVersion "1"]
[SourceVersionDate "2024.10.14"]
[SourceQuality "1"]

1. e4 c6 2. d4 d5 3. exd5 cxd5 4. Nf3 Nf6 5. Nbd2 Nc6 6. Bb5 Bd7 7. c4 g6 8. 0-0 Bg7 9. c5 0-0 10. Bxc6 Bxc6 11. Ne5 Qc7 12. Ndf3 Nd7 13. Bf4 Nxe5 14. Nxe5 Qc8 15. Qd2 f6 16. Nf3 Re8 17. Rfe1 Qf5 18. Qe3 Kf7 19. b4 Qd7 20. Qb3 h5 21. a4 a6 22. Reb1 Qf5 23. Bc7 g5 24. b5 axb5 25. axb5 Bd7 26. Rc1 g4 27. Rxa8 Rxa8 28. c6 bxc6 29. bxc6 Bxc6 30. Nd2 Ba4 31. Qb7 Rc8 32. Ra1 Qd7 33. Rc1 Bh6 34. Nb3 Bxb3 35. Rb1 Qxc7 0-1

[Event "HUN-ch U10/14 Girls"]
[Site "Buek"]
[Date "2023.06.25"]
[Round "9"]
[White "Kincses, Emma"]
[Black "Wang, Luomeng"]
[Result "0-1"]
[WhiteElo "1172"]
[BlackElo "1488"]
[PlyCount "60"]
[EventDate "2023.06.17"]
[EventType "swiss"]
[EventRounds "9"]
[EventCountry "HUN"]
[SourceTitle "CBM 215 Extra"]
[Source "ChessBase"]
[SourceDate "2023.09.30"]
[SourceVersion "1"]
[SourceVersionDate "2023.09.30"]
[SourceQuality "1"]

1. c4 e5 2. Nc3 Nf6 3. d3 d5 4. cxd5 Nxd5 5. Nxd5 Qxd5 6. Nf3 Be7 7. g3 Nc6 8. Bg2 0-0 9. 0-0 Qd6 10. Be3 Bf6 11. Rb1 Be6 12. a3 a5 13. Qc2 Rfd8 14. Rfc1 Bd5 15. Qd2 e4 16. Ne1 Qe6 17. Rc2 Rac8 18. h4 exd3 19. Bxd5 dxc2 20. Qxc2 Rxd5 21. Nd3 Qg4 22. Kh2 Be5 23. Kg2 Qe4+ 24. Kg1 Bxg3 25. fxg3 Qxe3+ 26. Kg2 Nd4 27. Qc4 Rf5 28. Re1 Nxe2 29. Qc2 Qxg3+ 30. Kh1 Qh3# 0-1

[Event "HUN-ch U10/14 Girls"]
[Site "Buek"]
[Date "2023.06.24"]
[Round "8"]
[White "Wang, Luomeng"]
[Black "Hangyal, Anna"]
[Result "0-1"]
[WhiteElo "1488"]
[BlackElo "1372"]
[PlyCount "238"]
[EventDate "2023.06.17"]
[EventType "swiss"]
[EventRounds "9"]
[EventCountry "HUN"]
[SourceTitle "CBM 215 Extra"]
[Source "ChessBase"]
[SourceDate "2023.09.30"]
[SourceVersion "1"]
[SourceVersionDate "2023.09.30"]
[SourceQuality "1"]

1. d4 d5 2. c4 c6 3. Nf3 Nf6 4. Nbd2 Nbd7 5. e3 e6 6. Bd3 Bd6 7. 0-0 0-0 8. e4 dxe4 9. Nxe4 Nxe4 10. Bxe4 Nf6 11. Bc2 h6 12. b3 b6 13. Bb2 Bb7 14. Qd3 g6 15. Nh4 Kh7 16. Nxg6 Rg8 17. Ne7+ Kh8 18. d5 e5 19. Nxg8 Qxg8 20. Qf5 Qg7 21. Bxe5 Bxe5 22. Qxe5 cxd5 23. cxd5 Bxd5 24. f3 Rg8 25. Rf2 Bxf3 26. Qg3 Ng4 27. Raf1 Nxf2 28. Qxf3 Ng4 29. Qxf7 Ne3 30. Qxg7+ Kxg7 31. Rf2 Rc8 32. Bd3 Rc1+ 33. Bf1 Ra1 34. g3 Nxf1 35. Rxf1 Rxa2 36. Rb1 Rd2 37. b4 Kg6 38. b5 Kf5 39. Rb4 Ke5 40. Rh4 Rd6 41. Kg2 Kf5 42. Rf4+ Kg6 43. Kh3 Rd5 44. Rb4 Rh5+ 45. Kg2 Rg5 46. h4 Re5 47. Kf3 Rf5+ 48. Kg4 h5+ 49. Kh3 Rc5 50. Kg2 Rf5 51. g4 Rd5 52. g5 Rf5 53. Kg3 Rc5 54. Kf4 Rf5+ 55. Ke4 Rc5 56. Kf4 Rf5+ 57. Ke4 Rc5 58. Kd4 Rf5 59. Kd3 Rf3+ 60. Kc2 Rf2+ 61. Kb3 Rf3+ 62. Kc2 Rf2+ 63. Kd3 Rf3+ 64. Ke4 Rf5 65. Kd4 Rc5 66. Kd3 Rd5+ 67. Kc4 Rc5+ 68. Kb3 Rf5 69. Ka4 Rf1 70. Rd4 Ra1+ 71. Kb4 Rb1+ 72. Kc4 Rc1+ 73. Kd3 Rc5 74. Rb4 Rd5+ 75. Kc2 Rc5+ 76. Kb3 Rf5 77. Kc3 Rc5+ 78. Kd4 Rf5 79. Ke3 Re5+ 80. Kf4 Rf5+ 81. Kg3 Rc5 82. Kf3 Rf5+ 83. Ke4 Rc5 84. Kd3 Rd5+ 85. Kc3 Rc5+ 86. Rc4 Rxb5 87. Rc6+ Kg7 88. Rc7+ Kg6 89. Rxa7 Rc5+ 90. Kb4 Rf5 91. Kb3 Rf3+ 92. Kc4 Rf4+ 93. Kb5 Rxh4 94. Kxb6 Kxg5 95. Ra5+ Kg6 96. Ra1 Rg4 97. Kc5 h4 98. Kd5 Kg5 99. Rh1 Rg3 100. Ke4 Kg4 101. Rf1 Rg2 102. Rf8 Re2+ 103. Kd3 Re5 104. Rg8+ Kf3 105. Rf8+ Kg2 106. Rg8+ Kh2 107. Kd4 Re6 108. Kd3 Re1 109. Kd2 Rg1 110. Rh8 h3 111. Ke3 Rf1 112. Ke2 Rf4 113. Rg8 Kh1 114. Rg7 Ra4 115. Rg3 Kh2 116. Rg8 Ra2+ 117. Kf3 Rg2 118. Rh8 Rg7 119. Ke2 Kg2 0-1

[Event "HUN-ch U10/14 Girls"]
[Site "Buek"]
[Date "2023.06.23"]
[Round "7"]
[White "Wang, Luomeng"]
[Black "Farkas, Sara"]
[Result "0-1"]
[WhiteElo "1488"]
[BlackElo "1452"]
[PlyCount "98"]
[EventDate "2023.06.17"]
[EventType "swiss"]
[EventRounds "9"]
[EventCountry "HUN"]
[SourceTitle "CBM 215 Extra"]
[Source "ChessBase"]
[SourceDate "2023.09.30"]
[SourceVersion "1"]
[SourceVersionDate "2023.09.30"]
[SourceQuality "1"]

1. e4 e6 2. d4 d5 3. Bd3 Nf6 4. e5 Nfd7 5. Nf3 c5 6. c3 Nc6 7. Bc2 Qb6 8. 0-0 cxd4 9. cxd4 Be7 10. Re1 0-0 11. Qd3 g6 12. a3 Re8 13. Nc3 Qd8 14. Bh6 Bf8 15. Qe3 Bg7 16. Nb5 Qb6 17. Nd6 Rf8 18. Bxg7 Kxg7 19. Rab1 Qc7 20. Ng5 Nd8 21. Rbc1 Qb6 22. b4 h6 23. Nf3 Nc6 24. Qd3 Ne7 25. Ba4 Qd8 26. Rc3 a6 27. Rec1 b5 28. Bb3 Nb6 29. Qe3 Nc4 30. Bxc4 dxc4 31. Qe4 Nd5 32. R3c2 Qb6 33. a4 Bd7 34. a5 Qc7 35. Nxc4 bxc4 36. Rxc4 Qd8 37. h3 Bb5 38. Rc5 Qd7 39. Nh4 Rac8 40. g4 Nxb4 41. Qf3 Nd5 42. Kh2 Rxc5 43. Rxc5 Rc8 44. Rxc8 Qxc8 45. Ng2 Qc4 46. Qe4 Qd3 47. Qxd3 Bxd3 48. Kg3 Nb4 49. Nf4 Bc4 0-1

[Event "HUN-ch U10/14 Girls"]
[Site "Buek"]
[Date "2023.06.21"]
[Round "4"]
[White "Wang, Luomeng"]
[Black "Kiss, Inez"]
[Result "1-0"]
[WhiteElo "1488"]
[BlackElo "1599"]
[PlyCount "143"]
[EventDate "2023.06.17"]
[EventType "swiss"]
[EventRounds "9"]
[EventCountry "HUN"]
[SourceTitle "CBM 215 Extra"]
[Source "ChessBase"]
[SourceDate "2023.09.30"]
[SourceVersion "1"]
[SourceVersionDate "2023.09.30"]
[SourceQuality "1"]

1. d4 d5 2. c4 c6 3. cxd5 cxd5 4. Nf3 Nf6 5. Nc3 Nc6 6. Bf4 a6 7. Rc1 Bf5 8. e3 e6 9. Be2 Bd6 10. Bxd6 Qxd6 11. 0-0 h6 12. Na4 0-0 13. Nc5 b5 14. Bd3 Ne4 15. Bxe4 Bxe4 16. Nd2 Bh7 17. Ndb3 f5 18. f4 a5 19. a3 a4 20. Nd2 Na5 21. Rf3 Nc4 22. Nxc4 dxc4 23. Rg3 Kh8 24. Qf3 Rab8 25. Qe2 Bg8 26. Qd2 Bf7 27. Qc3 Qd5 28. Na6 Rbc8 29. Qb4 Qc6 30. Nc5 Rfd8 31. Qc3 Qd5 32. Na6 Be8 33. Nb4 Qb7 34. Rd1 Bc6 35. Nxc6 Rxc6 36. Qb4 Rcd6 37. Qc5 Rd5 38. Qb4 e5 39. fxe5 Rxe5 40. Rf1 Red5 41. Rgf3 Qd7 42. Qc3 Re8 43. Qc2 Qe6 44. Qf2 Rb8 45. Qg3 Rc8 46. Rc1 Qb6 47. Qh3 Rf8 48. Rcf1 Qe6 49. Qg3 Qe4 50. Qc7 Qe6 51. Qf4 Re8 52. h4 Qd6 53. Kf2 Qxf4 54. Rxf4 Kh7 55. Ke2 g6 56. h5 Re7 57. hxg6+ Kxg6 58. R1f3 Kf6 59. g4 Rb7 60. Rxf5+ Rxf5 61. Rxf5+ Kg6 62. Rc5 Kf6 63. Kf3 Rb6 64. Kf4 Ke6 65. e4 Kf6 66. e5+ Kg6 67. d5 Kf7 68. Kf5 Rb7 69. d6 Rb6 70. e6+ Kf8 71. d7 Rb8 72. Rc8+ 1-0

[Event "HUN-ch U10/14 Girls"]
[Site "Buek"]
[Date "2023.06.20"]
[Round "2"]
[White "Vadkerti, Bori"]
[Black "Wang, Luomeng"]
[Result "0-1"]
[WhiteElo "1066"]
[BlackElo "1488"]
[PlyCount "58"]
[EventDate "2023.06.17"]
[EventType "swiss"]
[EventRounds "9"]
[EventCountry "HUN"]
[SourceTitle "CBM 215 Extra"]
[Source "ChessBase"]
[SourceDate "2023.09.30"]
[SourceVersion "1"]
[SourceVersionDate "2023.09.30"]
[SourceQuality "1"]
[WhiteTeam "Hungary"]
[BlackTeam "Hungary"]
[WhiteTeamCountry "HUN"]
[BlackTeamCountry "HUN"]

1. d4 Nf6 2. Bf4 g6 3. e3 Bg7 4. Nf3 0-0 5. Be2 d6 6. h3 Be6 7. Nbd2 Nh5 8. Bh2 Bh8 9. c3 f5 10. Ng5 Ng7 11. Nxe6 Nxe6 12. Qb3 Qc8 13. Bc4 Kf7 14. Nf3 Bf6 15. Bxe6+ Qxe6 16. Qxb7 Nd7 17. Qxc7 Rfc8 18. Qa5 Nb6 19. b3 Qe4 20. 0-0 Rc7 21. c4 Rac8 22. c5 Nd5 23. cxd6 exd6 24. Bxd6 Rd7 25. Ne5+ Bxe5 26. Bxe5 Rc2 27. Rac1 Nxe3 28. f3 Rxg2+ 29. Kh1 Qh4 0-1

[Event "HUN-ch U10/14 Girls"]
[Site "Buek"]
[Date "2023.06.19"]
[Round "1"]
[White "Wang, Luomeng"]
[Black "Biro, Csilla"]
[Result "1-0"]
[WhiteElo "1488"]
[BlackElo "1283"]
[PlyCount "111"]
[EventDate "2023.06.17"]
[EventType "swiss"]
[EventRounds "9"]
[EventCountry "HUN"]
[SourceTitle "CBM 215 Extra"]
[Source "ChessBase"]
[SourceDate "2023.09.30"]
[SourceVersion "1"]
[SourceVersionDate "2023.09.30"]
[SourceQuality "1"]

1. d4 e6 2. c4 d5 3. Nc3 Nf6 4. cxd5 exd5 5. Bg5 Be7 6. e3 0-0 7. Bd3 h6 8. Bh4 Be6 9. Nge2 Nbd7 10. 0-0 c5 11. f4 Bg4 12. h3 Bxe2 13. Qxe2 Re8 14. Bb5 cxd4 15. exd4 a6 16. Bxd7 Qxd7 17. Qc2 Rac8 18. Qb3 Red8 19. Rae1 Rc4 20. Rxe7 Qxe7 21. Nxd5 Rxd5 22. Qxc4 Qe3+ 23. Bf2 Qxf4 24. Qc8+ Kh7 25. Qxb7 Rb5 26. Qxa6 Rxb2 27. Qd3+ Kg8 28. a4 Ra2 29. Be3 Qc7 30. Bxh6 Qc6 31. Bd2 Qxa4 32. Rc1 Ra1 33. Rxa1 Qxa1+ 34. Kh2 Qa8 35. Be1 Qd8 36. Bh4 Qd6+ 37. Bg3 Qd7 38. Be5 Qe6 39. Bxf6 Qxf6 40. Qe4 Qd6+ 41. Qe5 Qxe5+ 42. dxe5 Kf8 43. Kg3 Ke7 44. Kf4 f6 45. exf6+ Kxf6 46. Kg4 Kg6 47. g3 Kh6 48. Kf5 Kh5 49. h4 Kh6 50. g4 Kh7 51. g5 Kh8 52. Kg6 Kg8 53. h5 Kh8 54. Kf7 Kh7 55. g6+ Kh8 56. h6 1-0